Le DEIS : expertise, ingénierie, évaluation (notice n° 1598567)

détails MARC
000 -LEADER
fixed length control field 02090cam a2200169 4500500
005 - DATE AND TIME OF LATEST TRANSACTION
control field 20251228080636.0
041 ## - LANGUAGE CODE
Language code of text/sound track or separate title fre
042 ## - AUTHENTICATION CODE
Authentication code dc
100 10 - MAIN ENTRY--PERSONAL NAME
Personal name Tronche, Didier
Relator term author
245 00 - TITLE STATEMENT
Title Le DEIS : expertise, ingénierie, évaluation
260 ## - PUBLICATION, DISTRIBUTION, ETC.
Date of publication, distribution, etc. 2011.<br/>
500 ## - GENERAL NOTE
General note 53
520 ## - SUMMARY, ETC.
Summary, etc. Le Deis est un diplôme pertinent et impertinent qui, à terme, interrogera les modes d’organisation. En mettant en lumière le triptyque « expertise, ingénierie et évaluation », il participe à la construction du sens à donner à une direction. S’inscrivant dans une autre logique que celles de deux autres diplômes ( Cafdes et Caferuis), il pointe à sa manière les enjeux stratégiques des projets d’entreprises sociales et de leurs axes de développement. Si on manque encore de recul pour examiner les trajectoires professionnelles des détenteurs du Deis, il sera intéressant d’observer ce que ce diplôme apporte, dans les enjeux de territorialisation, sur l’analyse des besoins des populations et l’élaboration des réponses institutionnelles.
520 ## - SUMMARY, ETC.
Summary, etc. The Deis: expertise, engineering, evaluationThe Deis is a qualification that is both relevant to the social work sector and impertinent: ultimately it challenges current modes of organization. By highlighting three terms: “expertise”, “engineering” and “evaluation”, this qualification participates in the construction of meaning and gives it direction. Taking a different rationality than the two other master level degrees available ( Cafdes, Caferuis), it points to strategic issues in social enterprise projects and their developmental priorities. If it is too early to examine the career paths of holders of the Deis, it will be interesting to see what this diploma brings to issues of regionalization of social intervention and to the analysis of people’s needs and developing institutional responses to them.
786 0# - DATA SOURCE ENTRY
Note Vie sociale | 1 | 1 | 2011-03-01 | p. 33-39 | 0042-5605
856 41 - ELECTRONIC LOCATION AND ACCESS
Uniform Resource Identifier <a href="https://shs.cairn.info/revue-vie-sociale-2011-1-page-33?lang=fr&redirect-ssocas=7080">https://shs.cairn.info/revue-vie-sociale-2011-1-page-33?lang=fr&redirect-ssocas=7080</a>

Pas d'exemplaire disponible.

PLUDOC

PLUDOC est la plateforme unique et centralisée de gestion des bibliothèques physiques et numériques de Guinée administré par le CEDUST. Elle est la plus grande base de données de ressources documentaires pour les Étudiants, Enseignants chercheurs et Chercheurs de Guinée.

Adresse

627 919 101/664 919 101

25 boulevard du commerce
Kaloum, Conakry, Guinée

Réseaux sociaux

Powered by Netsen Group @ 2025